[Event "Olympiad-44"]
[Site "Chennai"]
[Date "2022.08.06"]
[Round "8.1"]
[White "Korobov, Anton"]
[Black "Supi, Luis Paulo"]
[Result "1/2-1/2"]
[WhiteElo "2692"]
[BlackElo "2603"]
[PlyCount "60"]
[EventDate "2022.07.29"]
[EventType "team-swiss"]
[EventRounds "11"]
[EventCountry "IND"]
[SourceTitle "EXT 2023"]
[Source "ChessBase"]
[SourceDate "2022.10.05"]
[SourceVersion "1"]
[SourceVersionDate "2022.10.05"]
[SourceQuality "1"]
[WhiteTeam "Ukraine"]
[BlackTeam "Brazil"]
[WhiteTeamCountry "UKR"]
[BlackTeamCountry "BRA"]

1. d4 d5 2. c4 e6 3. Nc3 a6 4. cxd5 exd5 5. Bf4 Nf6 6. e3 c5 7. Nge2 Nc6 8. g3 cxd4 9. exd4 ({RR} 9. Nxd4 Bc5 10. Nxc6 bxc6 11. Bg2 O-O 12. O-O Bd6 13. Qa4 Rb8 14. b3 Rb4 15. Qxc6 Rb6 16. Qa8 Bxf4 17. exf4 d4 18. Rad1 Rd6 19. Ne4 Nxe4 20. Qxe4 d3 21. Rd2 Re8 22. Qf3 Bf5 23. h3 g6 {So,W (2751)-Oparin,G (2662) Saint Louis USA 2024 ½-½ (54)}) ({RR} 9. Nxd4 Bg4 10. Qa4 Bd7 11. Bg2 Bc5 12. Nxc6 bxc6 13. O-O O-O 14. Qc2 Ba7 15. Rfd1 Re8 16. e4 d4 17. Ne2 Nh5 18. h3 Nxf4 19. Nxf4 Rb8 20. Nd3 Qc8 21. b4 Bxh3 22. Bxh3 Qxh3 23. Qxc6 Re6 {Venkatesh,N (2270)-Miller,R (2010) New York USA 2026 ½-½ (54)}) 9... h6 10. Bg2 Bd6 11. O-O O-O $146 ({RR} 11... Be6 12. Re1 O-O 13. Qd2 Re8 14. h3 Bf5 15. Rad1 Ne4 16. Nxe4 Bxe4 17. a3 Bxg2 18. Kxg2 Re4 19. Bxd6 Qxd6 20. f3 Re7 21. Nc3 Rae8 22. Rxe7 Rxe7 23. Re1 Rxe1 {½-½ (23) De Winter,A (2462)-Gschnitzer,A (2435) Oer Erkenschwick 2025}) 12. Bxd6 Qxd6 13. Nf4 Be6 14. Re1 Rfe8 15. Nxe6 Rxe6 16. Rxe6 Qxe6 17. Qb3 Nxd4 18. Qxb7 Rd8 19. Rd1 Ne2+ 20. Nxe2 Qxe2 21. Qb3 Ne4 22. Bxe4 Qxe4 23. Qb6 Re8 24. Qxa6 Qc2 25. Qf1 Qxb2 26. Rxd5 Qxa2 27. Qd1 Re1+ 28. Qxe1 Qxd5 29. Qe8+ Kh7 30. h4 h5 1/2-1/2

[Event "CGC KO 2022"]
[Site "chess.com INT"]
[Date "2022.11.02"]
[Round "4.1"]
[White "Sevian, Samuel"]
[Black "Nihal, Sarin"]
[Result "1/2-1/2"]
[WhiteElo "2684"]
[BlackElo "2677"]
[PlyCount "59"]
[EventDate "2022.09.14"]
[EventType "k.o."]

1. d4 d5 2. c4 e6 3. Nc3 h6 4. Nf3 Nf6 5. g3 Nc6 6. Bg2 Bd6 7. O-O O-O 8. Qd3 Nb4 9. Qd2 dxc4 10. Ne5 c5 11. Nxc4 cxd4 12. Qxd4 Be7 13. Qxd8 $146 ({RR} 13. Qd1 Nbd5 14. Qb3 Rb8 15. Rd1 Bd7 16. Nxd5 Nxd5 17. e4 Nb6 18. Nxb6 axb6 19. Be3 Bc5 20. Rac1 Qe7 21. Bxc5 bxc5 22. Qb6 Rfc8 23. e5 Be8 24. Rd6 Qc7 25. b3 Qxb6 26. Rxb6 Rc7 27. a4 Ra8 {Sarana,A (2668)-Ashraf,A (2470) chess.com INT 2026 1-0 (55)}) 13... Rxd8 14. Bd2 Nbd5 15. Na5 Nxc3 16. Bxc3 Nd5 17. Bd2 Bd7 18. Rac1 b6 19. Nc6 Bxc6 20. Rxc6 Rac8 21. Rxc8 Rxc8 22. Rc1 Rxc1+ 23. Bxc1 Nb4 24. a4 Bf6 25. b3 Nc2 26. Kf1 Be7 27. Bb2 Bf6 28. Bc1 Be7 29. Bb2 Bf6 30. Bc1 1/2-1/2

[Event "Airthings Masters Div 1 W"]
[Site "chess.com INT"]
[Date "2023.02.07"]
[Round "2.3"]
[White "Carlsen, M."]
[Black "Erigaisi, Arjun"]
[Result "0-1"]
[WhiteElo "2852"]
[BlackElo "2701"]
[PlyCount "98"]
[EventDate "2023.02.06"]

1. c4 e6 2. Nc3 d5 3. d4 c6 4. cxd5 exd5 5. Bf4 Nf6 6. e3 Bf5 7. Nge2 Nh5 8. Ng3 Nxf4 9. Nxf5 Ne6 10. g3 Nd7 11. Bd3 $146 ({RR} 11. a3 g6 12. Nh4 Bg7 13. Nf3 O-O 14. h4 c5 15. Bh3 cxd4 16. exd4 Nb6 17. O-O Qf6 18. Bxe6 Qxe6 19. Qd3 a6 20. Kg2 Rad8 21. Rae1 Qc6 22. h5 Nc4 23. Re2 Rfe8 24. Rfe1 Rxe2 25. Rxe2 Bf8 {Caruana,F (2766)-Erigaisi,A (2701) chess.com INT 2023 1-0 (48)}) 11... g6 12. Nh4 Bg7 13. Nf3 O-O 14. O-O b5 15. Rc1 Rc8 16. h4 a5 17. Kg2 Qe7 18. Ne2 b4 19. Nf4 Nxf4+ 20. exf4 c5 21. f5 cxd4 22. Rxc8 Rxc8 23. fxg6 hxg6 24. h5 Qf6 25. hxg6 fxg6 26. Qe2 Nc5 27. Rc1 Bf8 28. Bb1 Rc7 29. Nh4 g5 30. Qg4 d3 31. Nf3 Rg7 32. b3 Qg6 33. Re1 Re7 34. Rd1 Qe4 35. Qxg5+ Rg7 36. Qh5 Ne6 37. Kg1 Rh7 38. Qe8 Qxf3 39. Qxe6+ Kh8 40. Qe5+ Kg8 41. Qe6+ Rf7 42. Qg6+ Bg7 43. Rd2 Qe4 44. Qxe4 dxe4 45. Kg2 Bc3 46. Rd1 Bd4 47. f3 Rxf3 48. Re1 Rf2+ 49. Kh3 d2 0-1

[Event "25th Hoogeveen Matches"]
[Site "Hoogeveen NED"]
[Date "2022.10.20"]
[Round "6"]
[White "Warmerdam, Max"]
[Black "Dardha, Daniel"]
[Result "1/2-1/2"]
[WhiteElo "2612"]
[BlackElo "2610"]
[PlyCount "26"]
[EventDate "2022.10.15"]

1. d4 d5 2. c4 e6 3. Nc3 Be7 4. Nf3 Nf6 5. cxd5 exd5 6. h3 O-O 7. Bf4 c5 8. e3 Nc6 9. dxc5 ({RR} 9. Bb5 Be6 10. O-O Rc8 11. dxc5 Bxc5 12. Rc1 a6 13. Bd3 h6 14. a3 Ba7 15. Ne2 Ne4 16. Ng3 g5 17. Be5 Nxe5 18. Bxe4 dxe4 19. Nxe5 Rxc1 20. Qxc1 Bb8 21. Ng4 f5 22. Nh2 Be5 23. Rd1 Qc7 {Stalmach,R (2419)-Pacher,M (2381) Slovakia SVK 2026 ½-½ (44)}) 9... Bxc5 10. Be2 d4 11. exd4 Nxd4 $146 ({RR} 11... Bxd4 12. O-O Bxc3 13. bxc3 h6 14. Qb3 Ne4 15. Qc2 Re8 16. Bd3 Nc5 17. Bh7+ Kh8 18. Be3 Qa5 19. Nd2 Na4 20. Nc4 Qxc3 21. Nd6 Re7 22. Qxa4 Kxh7 23. Rac1 Qf6 24. Nxc8 Rxc8 25. Bxa7 Nxa7 26. Rxc8 {Nakamura,H (2769)-Anand,V (2760) Stavanger 2018 ½-½ (39)}) 12. Nxd4 Bxd4 13. O-O Bf5 1/2-1/2

[Event "13th World Teams Play-off"]
[Site "Jerusalem ISR"]
[Date "2022.11.23"]
[Round "1.1"]
[White "Sasikiran, K."]
[Black "Gharamian, T."]
[Result "1/2-1/2"]
[WhiteElo "2636"]
[BlackElo "2601"]
[PlyCount "129"]
[EventDate "2022.11.23"]
[WhiteTeam "India"]
[BlackTeam "France"]
[WhiteTeamCountry "IND"]
[BlackTeamCountry "FRA"]

1. c4 e6 2. Nc3 d5 3. d4 a6 4. cxd5 exd5 5. Bf4 Nf6 6. e3 Bd6 7. Bg5 c6 8. Bd3 Nbd7 9. Nge2 O-O 10. Qc2 h6 11. Bh4 Re8 12. h3 ({RR} 12. Rb1 Qc7 13. Bg3 Nf8 14. b4 Bg4 15. a4 Bxe2 16. Nxe2 Ne6 17. O-O h5 18. b5 axb5 19. axb5 h4 20. b6 Qb8 21. Bxh4 Bxh2+ 22. Kh1 g5 23. Bg3 Bxg3 24. Nxg3 Ng7 25. Ra1 Rxa1 26. Rxa1 Rxe3 {Maghsoodloo,P (2699)-Andreikin,D (2729) Chess.com INT 2022 1-0 (41)}) 12... Nf8 13. O-O Bd7 $146 ({RR} 13... Ne6 14. Rae1 Be7 15. f3 b6 16. Kh1 Bb7 17. Rd1 c5 18. dxc5 bxc5 19. Bxf6 Bxf6 20. Bh7+ Kh8 21. Be4 Nc7 22. Nf4 Bxc3 23. Qxc3 Qd6 24. Bb1 Rad8 25. Rfe1 {½-½ (25) Mis,M (2347)-Samunenkov,I (2293) Larnaca 2021}) ({RR} 13... Be7 14. Rae1 Nh5 15. Bxe7 Qxe7 16. Nf4 Nxf4 17. exf4 Qd8 18. Rxe8 Qxe8 19. Qd2 b5 20. f5 Qd8 21. Re1 Bd7 22. Re5 Qh4 23. Qe3 Nh7 24. Ne2 Qd8 25. g4 Nf6 26. Nc1 Be8 27. Qf4 Nd7 28. Re2 {Chittka,J (2279)-Schmidek,E (2448) Karlsruhe GER 2026 ½-½ (72)}) 14. Rad1 b5 15. Kh1 Ra7 16. Nb1 Ne6 17. Nd2 Rc7 18. Qb1 Ng5 19. f4 Ne6 20. Nf3 Be7 21. Ne5 Nf8 22. Rc1 c5 23. dxc5 Bxc5 24. Nd4 Bd6 25. Rxc7 Bxc7 26. Ndf3 Bb6 27. Re1 Bc8 28. Qc2 Qd6 29. a4 b4 30. a5 Ba7 31. Qa4 Bd7 32. Nxd7 N8xd7 33. Bxf6 Nxf6 34. Ne5 Rxe5 35. fxe5 Qxe5 36. Qxb4 Nh5 37. Qc3 Ng3+ 38. Kg1 Bxe3+ 39. Rxe3 Qxe3+ 40. Kh2 g6 41. Bxa6 Qxc3 42. bxc3 Ne4 43. Bd3 Nd6 44. a6 Nc8 45. Kg3 Kg7 46. Kf4 Kf6 47. c4 Ke6 48. h4 Na7 49. cxd5+ Kxd5 50. Bb1 Kc5 51. Ke5 Kb6 52. Bd3 Nc6+ 53. Kf6 Nb4 54. Be4 g5 55. h5 Nxa6 56. Kxf7 Kc5 57. Kg6 Kd4 58. Kxh6 Kxe4 59. Kxg5 Nc7 60. h6 Ne6+ 61. Kf6 Nf8 62. Kg7 Ne6+ 63. Kf6 Nf8 64. Kg7 Ne6+ 65. Kf6 1/2-1/2

[Event "CGC KO 2022"]
[Site "chess.com INT"]
[Date "2022.11.03"]
[Round "4.7"]
[White "Sevian, Samuel"]
[Black "Nihal, Sarin"]
[Result "1/2-1/2"]
[WhiteElo "2684"]
[BlackElo "2677"]
[PlyCount "75"]
[EventDate "2022.09.14"]
[EventType "k.o."]

1. d4 d5 2. c4 e6 3. Nc3 h6 4. Nf3 Nf6 5. e3 Bd6 6. b3 O-O 7. Bb2 b6 8. Bd3 Bb7 9. O-O Nbd7 10. Rc1 a6 11. Rc2 $146 ({RR} 11. Qe2 Qe7 12. e4 dxe4 13. Nxe4 Ba3 14. Bxa3 Qxa3 15. Rc2 Rad8 16. Rd1 c5 17. Rcd2 cxd4 18. Nxd4 Qe7 19. Bb1 Nxe4 20. Bxe4 Nf6 21. Bxb7 Qxb7 22. Qf3 Qe4 23. Qxe4 Nxe4 24. Rd3 Nc5 25. R3d2 Ne4 {Giri,A (2760)-Erigaisi,A (2689) chess24.com INT 2022 ½-½}) 11... Re8 12. cxd5 exd5 13. Ne2 Nf8 14. Ng3 Ne6 15. Ne5 c5 16. f4 Rc8 17. Nf5 Bf8 18. Qe1 cxd4 19. Qg3 g5 20. fxg5 Nxg5 21. Bxd4 Rxc2 22. Bxc2 Bc8 23. Nc6 Nh5 24. Qh4 Qc7 25. Qxh5 Qxc6 26. h4 Qxc2 27. hxg5 Bxf5 28. gxh6 Be6 29. Qe5 Qh7 30. Rf3 Bg4 31. Qxe8 Bxf3 32. gxf3 Qg6+ 33. Kf2 Qc2+ 34. Kg3 Qg6+ 35. Kf2 Qc2+ 36. Kf1 Qb1+ 37. Kg2 Qg6+ 38. Kf2 1/2-1/2

[Event "Titled Tue 22nd Nov Early"]
[Site "chess.com INT"]
[Date "2022.11.22"]
[Round "7"]
[White "Sarana, A."]
[Black "Dardha, Daniel"]
[Result "0-1"]
[WhiteElo "2668"]
[BlackElo "2609"]
[PlyCount "80"]
[EventDate "2022.11.22"]

1. c4 e6 2. Nc3 d5 3. d4 Be7 4. Nf3 Nf6 5. g3 O-O 6. Bg2 dxc4 7. Ne5 c5 8. dxc5 Qxd1+ 9. Nxd1 Bxc5 10. O-O Nc6 11. Bxc6 bxc6 12. Be3 Bxe3 ({RR} 12... Bb6 13. Bxb6 axb6 14. Nc3 Bd7 15. Rfd1 Rfd8 16. Nxc4 b5 17. Ne5 Be8 18. Rxd8 Rxd8 19. Nd3 Kf8 20. a4 bxa4 21. Rxa4 Nd7 22. Ra7 Rc8 23. Ne4 c5 24. Nd6 Rb8 25. Rc7 Ke7 26. Nb7 Kf6 27. b3 {Giri,A (2797)-Jakovenko,D (2719) Shenzhen 2019 1-0 (64)}) 13. Nxe3 c3 14. b3 Ba6 15. N3c4 $146 ({RR} 15. Rfc1 Bxe2 16. Rxc3 Nd5 17. Rc2 Nxe3 18. fxe3 Ba6 19. Rxc6 Bb7 20. Rc7 Be4 21. Rd1 Rfc8 22. Rdd7 Rxc7 23. Rxc7 f6 24. Nc6 a5 25. Nd4 a4 26. Nxe6 axb3 27. axb3 Ra1+ 28. Kf2 Ra2+ 29. Ke1 g5 {Antic,D (2309)-Oliinyk,S (2241) Paracin SRB 2026 ½-½ (48)}) 15... Nd5 16. Rfc1 f5 17. Rc2 c5 18. f3 Rfd8 19. Kf2 Bb5 20. Na3 a6 21. Nec4 Rab8 22. h3 Kf7 23. e4 fxe4 24. fxe4 Nf6 25. Nxb5 axb5 26. Ne5+ Ke8 27. Nc6 b4 28. Nxb8 Rxb8 29. Re1 Ke7 30. e5 Nd5 31. Ke2 Rf8 32. h4 Rf5 33. g4 Rf4 34. Rg1 Re4+ 35. Kd3 Rd4+ 36. Ke2 Kd7 37. h5 Re4+ 38. Kd3 Re3+ 39. Kc4 Kc6 40. a3 Nb6# 0-1

[Event "Dubai op 22nd"]
[Site "Dubai"]
[Date "2022.08.31"]
[Round "5"]
[White "Predke, Alexandr"]
[Black "Indjic, Aleksandar"]
[Result "1-0"]
[WhiteElo "2692"]
[BlackElo "2613"]
[PlyCount "41"]
[EventDate "2022.08.27"]
[EventType "swiss"]
[EventRounds "9"]
[EventCountry "UAE"]
[SourceTitle "EXT 2023"]
[Source "ChessBase"]
[SourceDate "2022.10.05"]
[SourceVersion "1"]
[SourceVersionDate "2022.10.05"]
[SourceQuality "1"]

1. d4 d5 2. c4 e6 3. Nf3 a6 4. cxd5 exd5 5. Nc3 c6 6. e4 dxe4 7. Ng5 Be7 8. Bc4 Bxg5 9. Qh5 Be7 10. Qxf7+ Kd7 11. Be6+ Kc7 12. Bf4+ Kb6 13. Bxc8 Qxc8 14. d5 c5 $146 ({RR} 14... Nd7 15. d6 Bf6 16. Be3+ c5 17. Na4+ Ka7 18. Nxc5 Ne5 19. Nd7+ b6 20. Nxe5+ Ne7 21. dxe7 Re8 22. Qd5 {1-0 (22) Torres Rosas,L (2280)-Slade,T (2109) Philadelphia USA 2024}) 15. a4 e3 16. O-O Nd7 17. Qe6+ Ka5 18. Bxe3 c4 19. d6 Bxd6 20. Qxd6 Qc6 21. Qd2 1-0

[Event "Titled Tue 22nd Nov Early"]
[Site "chess.com INT"]
[Date "2022.11.22"]
[Round "6"]
[White "Bluebaum, M."]
[Black "Donchenko, Alexa"]
[Result "1-0"]
[WhiteElo "2651"]
[BlackElo "2645"]
[PlyCount "59"]
[EventDate "2022.11.22"]

1. d4 d5 2. c4 e6 3. Nc3 Bb4 4. a3 Bxc3+ 5. bxc3 Ne7 6. e3 O-O 7. Bd3 b6 8. cxd5 exd5 9. Ne2 Bf5 10. O-O c5 11. f3 Bxd3 12. Qxd3 Nd7 $146 ({RR} 12... c4 13. Qc2 f5 14. e4 fxe4 15. Nf4 Qd6 16. fxe4 dxe4 17. a4 Qc6 18. Ba3 Re8 19. Rae1 Nd5 20. Rxe4 Nd7 21. Nxd5 Qxd5 22. Rh4 h5 23. Qg6 Qe6 24. Qxh5 Qe3+ 25. Kh1 Nf6 26. Qh8+ Kf7 27. Qh5+ {Tsvetkov,A (2422)-Timoshin,M (2381) Barnaul RUS 2025 ½-½}) 13. e4 cxd4 14. cxd4 dxe4 15. fxe4 Rc8 16. a4 Ng6 17. Ba3 Re8 18. Rad1 Nf6 19. Ng3 Qd7 20. Rxf6 gxf6 21. Nh5 Qxa4 22. Nxf6+ Kg7 23. Nxe8+ Rxe8 24. Bb2 Kg8 25. d5 Rxe4 26. d6 Nf8 27. d7 Nxd7 28. Qxd7 Re1+ 29. Kf2 Qh4+ 30. g3 1-0

[Event "Belgrade"]
[Site "Belgrade"]
[Date "2022.03.06"]
[Round "1"]
[White "Navara, David"]
[Black "Indjic, Aleksandar"]
[Result "1/2-1/2"]
[WhiteElo "2700"]
[BlackElo "2605"]
[PlyCount "80"]
[EventDate "2022.03.06"]
[EventType "tourn"]
[EventRounds "9"]
[EventCountry "SRB"]
[EventCategory "17"]
[SourceTitle "CBM 207 Extra"]
[Source "ChessBase"]
[SourceDate "2022.05.31"]
[SourceVersion "1"]
[SourceVersionDate "2022.05.31"]
[SourceQuality "1"]

1. d4 d5 2. c4 e6 3. Nc3 a6 4. cxd5 exd5 5. Nf3 c6 6. Bf4 Bd6 7. Bxd6 Qxd6 8. e4 dxe4 9. Nxe4 Qe7 10. Qe2 Nd7 ({RR} 10... Nh6 11. Nd6+ Kd8 12. Nxc8 Qb4+ 13. Qd2 Re8+ 14. Ne5 Qxd2+ 15. Kxd2 Kxc8 16. Bc4 f6 17. Nf7 Nxf7 18. Bxf7 Rd8 19. Rae1 Rxd4+ 20. Kc3 c5 21. Re8+ Rd8 22. Rxd8+ Kxd8 23. Re1 b5 24. Re8+ Kc7 25. Rh8 {Navara,D (2742)-Hammer,J (2651) Novy Bor 2016 ½-½ (53)}) 11. O-O-O Ngf6 12. Nd6+ Kf8 13. Nxc8 $146 ({RR} 13. Nc4 Qxe2 14. Bxe2 g6 15. Nfe5 Nxe5 16. dxe5 Nd5 17. Nd6 Rb8 18. g3 Be6 19. Rhe1 Ke7 20. a3 Rhd8 21. Rd4 Rd7 22. Rh4 Rh8 23. Ne4 h6 24. Nc5 Rc7 25. Bd3 a5 26. f4 b6 27. Ne4 Bf5 {Iturrizaga Bonelli,E (2605)-Plazuelo Pascual,J (2455) Linares 2021 ½-½ (52)}) 13... Qxe2 14. Bxe2 Rxc8 15. Rhe1 Nb6 16. Nd2 g6 17. Bf3 Rc7 18. Re2 Kg7 19. Rde1 Nc8 20. Nb3 Rd8 21. g3 Kf8 22. Bg2 Nd6 23. Bh3 h5 24. Re5 b6 25. R5e2 a5 26. Rd1 a4 27. Na1 a3 28. Bg2 Nb5 29. Red2 Nd5 30. Nc2 Ra8 31. Nxa3 Nxa3 32. bxa3 Nc3 33. Re1 Rxa3 34. Kb2 Nb5 35. Bf1 Ra5 36. Re5 Re7 37. f4 f6 38. Rxe7 Kxe7 39. Bc4 Nc7 40. Rc2 Kd6 1/2-1/2

[Event "chess.com SpeedChess 2022"]
[Site "chess.com INT"]
[Date "2022.11.30"]
[Round "1.28"]
[White "Aronian, L."]
[Black "Andreikin, D."]
[Result "0-1"]
[WhiteElo "2735"]
[BlackElo "2729"]
[PlyCount "108"]
[EventDate "2022.11.23"]
[EventType "k.o."]

1. d4 d5 2. c4 e6 3. Nc3 a6 4. cxd5 exd5 5. Nf3 Nf6 6. Bg5 Be6 7. e3 Nbd7 8. Bd3 h6 9. Bf4 g5 10. Bg3 Nh5 11. O-O ({RR} 11. Qb3 Nxg3 12. hxg3 b5 13. Qc2 Bg7 14. Ne2 Rc8 15. Qc6 O-O 16. Rc1 Nb8 17. Qc2 Nd7 18. O-O c5 19. dxc5 Nxc5 20. Ned4 Qd7 21. Qb1 Nxd3 22. Qxd3 Rxc1 23. Rxc1 Rc8 24. Rd1 Bg4 25. a4 bxa4 {Karjakin,S (2773)-Caruana,F (2822) Saint Louis 2018 ½-½ (48)}) ({RR} 11. Be5 Nhf6 12. h3 Nxe5 13. Nxe5 Nd7 14. Nf3 Bd6 15. e4 c6 16. O-O dxe4 17. Nxe4 Nf6 18. Re1 Nd5 19. Ne5 Bb4 20. Nc5 Bxe1 21. Qxe1 Nf4 22. Nxb7 Qxd4 23. Rd1 Kf8 24. Bc4 Qxb2 25. Bxe6 Re8 {Xiong,J (2636)-Andreikin,D (2695) chess.com INT 2025 0-1}) 11... Nxg3 12. fxg3 Bg7 13. Kh1 $146 ({RR} 13. e4 Nb6 14. e5 Qd7 15. Rc1 O-O 16. Bb1 Nc4 17. Qc2 f5 18. Qe2 c5 19. dxc5 Qc7 20. b3 Qxc5+ 21. Kh1 Ne3 22. Na4 Qa7 23. Rfe1 Ng4 24. Nc5 Rae8 25. h3 Bc8 26. hxg4 fxg4 27. Qd3 gxf3 {Kim,S (2295)-Quilter,T (2162) Chess.com INT 2020 1-0 (35)}) ({RR} 13. e4 dxe4 14. Bxe4 c6 15. Qc2 Nf6 16. Bf5 Bxf5 17. Qxf5 O-O 18. Rad1 Qb6 19. Qc2 Rad8 20. Kh1 Ng4 21. Qe4 Nf6 22. Qc2 Nd5 23. Rfe1 Nb4 24. Qb3 a5 25. a3 Nd5 26. Qc2 Rfe8 27. Nxd5 cxd5 {Aghaei,A (2204)-Bargsten,J (2229) chess.com INT 2025 0-1 (38)}) 13... c6 14. e4 dxe4 15. Nxe4 Qe7 16. Qc2 O-O 17. Rae1 Qb4 18. a3 Qb3 19. Qd2 Rad8 20. Bc2 Qb6 21. Nfxg5 hxg5 22. Qxg5 Qxb2 23. Bb1 Bd5 24. Rf2 Qxd4 25. Rf4 Rfe8 26. Ref1 Bxe4 27. Bxe4 Rxe4 28. Qxd8+ Nf8 29. Qc7 Rxf4 30. gxf4 Qd3 31. Re1 Bc3 32. Rg1 Bd4 33. Re1 Qd2 34. Rf1 Qe2 35. Rb1 Ne6 36. Qxb7 Qe4 37. Rf1 Kg7 38. Qxa6 Nxf4 39. Rf3 Ne2 40. Qd3 Qxd3 41. Rxd3 c5 42. a4 Nf4 43. Ra3 c4 44. a5 c3 45. Ra2 Nd3 46. a6 Nb4 47. a7 Nxa2 48. a8=Q c2 49. h3 c1=Q+ 50. Kh2 Be5+ 51. g3 Qd2+ 52. Kg1 Qe1+ 53. Kg2 Qe2+ 54. Kg1 Bd4+ 0-1

[Event "SCO National Chess Online"]
[Site "chess.com INT"]
[Date "2022.11.19"]
[Round "9"]
[White "Yilmaz, M."]
[Black "Maghsoodloo, Parham"]
[Result "1/2-1/2"]
[WhiteElo "2621"]
[BlackElo "2720"]
[PlyCount "38"]
[EventDate "2022.11.19"]
[WhiteTeam "Turkey"]
[BlackTeam "Iran"]
[WhiteTeamCountry "TUR"]
[BlackTeamCountry "IRI"]

1. d4 d5 2. c4 e6 3. Nc3 Bb4 4. Nf3 c6 5. e3 Nf6 6. Qc2 O-O 7. Bd3 Nbd7 8. O-O b6 ({RR} 8... Qc7 9. Bd2 Be7 10. Rac1 Qb8 11. Rfe1 h6 12. h3 c5 13. cxd5 exd5 14. e4 cxd4 15. Nxd5 Nxd5 16. exd5 Bf6 17. Bb4 Rd8 18. Qe2 Nf8 19. Qe4 Bd7 20. Bxf8 Kxf8 21. Qh7 g6 22. Qxh6+ Bg7 23. Qg5 {Bauer,C (2602)-Piskov,Y (2448) Biel 2009 ½-½ (38)}) 9. a3 Bxc3 10. Qxc3 a5 $146 ({RR} 10... Bb7 11. b4 Qe7 12. Bb2 Rfc8 13. Nd2 c5 14. dxc5 bxc5 15. b5 e5 16. cxd5 Nxd5 17. Qc2 g6 18. Nc4 N5b6 19. f4 e4 20. Be2 f6 21. Rfd1 Rd8 22. Na5 Bd5 23. Nc6 Bxc6 24. bxc6 Nf8 25. Ba6 {Csiszar,C (2410)-Berta,T (2200) Hungary 1999 1-0 (36)}) ({RR} 10... Ba6 11. cxd5 Bxd3 12. Qxd3 exd5 13. Bd2 Re8 14. Rac1 Rc8 15. a4 Ne4 16. b4 Nd6 17. b5 Nc4 18. Bb4 Qf6 19. Nd2 cxb5 20. axb5 Qe6 21. Rc2 Nf6 22. Rfc1 Qd7 23. Nxc4 dxc4 24. Rxc4 Qxb5 25. Qc2 {Zhang,X (2204)-Wang,S (2468) Aksu, Xinjiang CHN 2024 0-1 (66)}) 11. a4 Ba6 12. b3 c5 13. Ba3 Rc8 14. Rfd1 Qc7 15. Rac1 Rfd8 16. Qb2 dxc4 17. Bxc4 Bxc4 18. Rxc4 Ne4 19. h3 Qb7 1/2-1/2

[Event "Titled Tue 29th Nov Late"]
[Site "chess.com INT"]
[Date "2022.11.29"]
[Round "4"]
[White "Korobov, A."]
[Black "Dardha, Daniel"]
[Result "0-1"]
[WhiteElo "2659"]
[BlackElo "2609"]
[PlyCount "68"]
[EventDate "2022.11.29"]

1. d4 d5 2. c4 e6 3. Nc3 Be7 4. cxd5 exd5 5. Bf4 Nf6 6. e3 O-O 7. Bd3 c5 8. h3 ({RR} 8. Nf3 Nc6 9. h3 cxd4 10. exd4 Bd6 11. Bxd6 Qxd6 12. O-O Re8 13. Qb3 a6 14. Rfe1 Be6 15. Rac1 b5 16. Qd1 Bd7 17. Qd2 h6 18. Ne2 Rac8 19. Ng3 Rxe1+ 20. Rxe1 Re8 21. Rxe8+ Nxe8 22. Nh5 Nc7 {Firouzja,A (2754)-Esipenko,A (2687) chess.com INT 2025 1-0 (44)}) 8... c4 ({RR} 8... cxd4 9. exd4 Nc6 10. Nf3 Bd6 11. Bxd6 Qxd6 12. O-O a6 13. a3 Be6 14. Rc1 Rac8 15. Re1 h6 16. Bb1 Qf4 17. Ne2 Qd6 18. Ng3 Rfe8 19. Ne5 Na5 20. Rxc8 Rxc8 21. Qd3 Nc4 22. b4 Nb2 23. Qb3 {Sermukhamedova,A (2125)-Silva,L (2277) chess.com INT 2026 0-1 (62)}) 9. Bc2 a6 $146 ({RR} 9... Nc6 10. a3 a6 11. Nf3 b5 12. O-O Be6 13. b3 Qd7 14. Ne5 Nxe5 15. Bxe5 Ne8 16. Qh5 g6 17. Qh6 {0-1 (17) Bogado,F (1697)-Zarate,F (1989) Ciudad del Este 2015}) 10. g4 Be6 11. g5 Ne8 12. h4 b5 13. Qh5 f5 14. Nf3 b4 15. Ne2 Bf7 16. g6 Bxg6 17. Qxg6 hxg6 18. Ne5 Bd6 19. Nxg6 Bxf4 20. Nexf4 Rf6 21. O-O-O Nc6 22. h5 Qa5 23. Rdg1 Kh7 24. h6 gxh6 25. Nf8+ Rxf8 26. Rg6 Ng7 27. Rhxh6+ Kg8 28. Nh5 Ra7 29. Nf6+ Rxf6 30. Rxf6 Ne7 31. Rd6 b3 32. axb3 Qe1+ 33. Bd1 cxb3 34. Rd8+ Kf7 0-1

[Event "Titled Tue 31st Jan Late"]
[Site "chess.com INT"]
[Date "2023.01.31"]
[Round "9"]
[White "Deac, Bogdan-Daniel"]
[Black "Andreikin, D."]
[Result "1-0"]
[WhiteElo "2700"]
[BlackElo "2729"]
[PlyCount "83"]
[EventDate "2023.01.31"]

1. d4 d5 2. c4 e6 3. Nc3 a6 4. cxd5 exd5 5. a3 h6 ({RR} 5... c6 6. Bf4 Bd6 7. Bxd6 Qxd6 8. e3 Ne7 9. Nge2 O-O 10. Ng3 Be6 11. Bd3 Nd7 12. O-O g6 13. Bc2 Rae8 14. Qd2 f5 15. Nge2 Nc8 16. Nf4 Qe7 17. Rae1 Nd6 18. f3 Qg7 19. Kh1 Bf7 20. Nd3 {Deac,B (2691)-Dishman,S (2358) Vrnjacka Banja SRB 2024 1-0 (50)}) 6. Bf4 ({RR} 6. g3 Nf6 7. Bg2 c6 8. Nf3 Bd6 9. O-O O-O 10. Ne5 Re8 11. f4 Bf5 12. h3 Bh7 13. Kh2 Nbd7 14. e3 Qe7 15. Bd2 Ne4 16. Nxe4 Bxe4 17. Bxe4 dxe4 18. Qb3 Nf6 19. Rae1 Rad8 20. Ba5 Rc8 {Manolache,M (2408)-Eliseev,S (2201) chess.com INT 2025 1-0 (37)}) 6... Nf6 7. e3 c5 8. Nge2 $146 ({RR} 8. Nf3 Nc6 9. dxc5 Bxc5 10. Rc1 O-O 11. Nxd5 Nxd5 12. Rxc5 Nxf4 13. Qxd8 Rxd8 14. exf4 Bg4 15. Be2 Re8 16. Kf1 Bxf3 17. Bxf3 Nd4 18. h4 Nxf3 19. gxf3 Rad8 20. Re5 Rxe5 21. fxe5 Rd5 22. f4 Rd4 {Aradhya,G (2339)-Aarav,D (2343) chess.com INT 2023 1-0 (85)}) 8... Nc6 9. g3 Bg4 10. Bg2 cxd4 11. exd4 Bd6 12. Qd2 O-O 13. O-O Bxe2 14. Nxe2 Re8 15. Qd3 Re7 16. Be3 Qd7 17. Nc3 Bc7 18. Na4 Rae8 19. Nc5 Qc8 20. Rac1 Bd6 21. b4 Bxc5 22. dxc5 Ne5 23. Qd1 Qf5 24. Bd4 Ne4 25. Bxe5 Rxe5 26. Qd4 h5 27. h4 g5 28. hxg5 h4 29. gxh4 Qg4 30. f3 Qxh4 31. fxe4 Rxg5 32. Qf6 Re7 33. Rf5 Rxg2+ 34. Kxg2 Qg4+ 35. Kh2 Qe2+ 36. Rf2 Qh5+ 37. Kg1 Rxe4 38. Rg2+ Kf8 39. Qd8+ Re8 40. Qd6+ Re7 41. Re1 Qh4 42. Qxe7+ 1-0

[Event "chess.com SpeedChess 2022"]
[Site "chess.com INT"]
[Date "2022.12.09"]
[Round "2.32"]
[White "Ding Liren"]
[Black "Nihal, Sarin"]
[Result "0-1"]
[WhiteElo "2811"]
[BlackElo "2670"]
[PlyCount "74"]
[EventDate "2022.11.23"]
[EventType "k.o."]

1. d4 d5 2. c4 e6 3. Nc3 h6 4. Nf3 Nf6 5. e3 Nbd7 6. b3 Be7 7. Bb2 O-O 8. Bd3 b6 9. O-O Bb7 10. Qe2 c5 11. cxd5 Nxd5 12. Nxd5 Bxd5 13. Rfd1 Rc8 14. Ba6 Rc7 15. e4 Ba8 16. Bc4 $146 ({RR} 16. dxc5 Bxc5 17. Be5 Nxe5 18. Rxd8 Nxf3+ 19. Qxf3 Rxd8 20. Rd1 Rcd7 21. Rxd7 Rxd7 22. Bd3 f5 23. h4 Rf7 24. Bc4 fxe4 25. Qg4 Bd5 26. Bxd5 exd5 27. Qe6 Bxf2+ 28. Kf1 Bxh4+ 29. Ke2 Bg5 30. Qxd5 e3 {Ding Liren (2811)-Nihal,S (2670) chess.com INT 2022 0-1 (51)}) 16... Qc8 17. d5 exd5 18. exd5 Bd6 19. Re1 Qd8 20. Qe4 Nf6 21. Qf5 Qd7 22. Qd3 Qd8 23. Nh4 Bb7 24. Nf5 Rd7 25. Qf3 Nxd5 26. Bxg7 Nf4 27. Qg4 h5 28. Nh6+ Kh7 29. Bd3+ Nxd3 30. Qxh5 Nf4 31. Qg4 f5 32. Nxf5 Rxf5 33. Qxf5+ Kxg7 34. Rad1 Rf7 35. Qg4+ Kf8 36. g3 Qf6 37. Re3 Nh3+ 0-1